[Event "CRO-chT1B 32nd"]
[Site "Veli Losinj"]
[Date "2024.10.11"]
[Round "7.4"]
[White "Loncar, Robert"]
[Black "Muse, Mladen"]
[Result "1/2-1/2"]
[WhiteElo "2304"]
[BlackElo "2380"]
[PlyCount "28"]
[EventDate "2024.10.05"]
[EventType "team-tourn"]
[EventRounds "9"]
[EventCountry "CRO"]
[SourceTitle "CB47_2024"]
[SourceDate "2024.11.20"]
[SourceVersion "1"]
[SourceVersionDate "2024.11.20"]
[SourceQuality "1"]
[WhiteTeam "Split Brda"]
[BlackTeam "Pozega"]
[WhiteTeamCountry "CRO"]
[BlackTeamCountry "CRO"]

1. d4 Nf6 2. c4 e6 3. Nc3 d5 4. cxd5 exd5 5. Bg5 c6 6. Qc2 Be7 7. e3 Nbd7 8. Bd3 0-0 9. Nf3 Re8 10. h3 Ne4 11. Bf4 Ndf6 12. 0-0 Bd6 13. Bxd6 Nxd6 14. Ne5 g6 1/2-1/2

[Event "BL2-Nord 1920"]
[Site "Germany"]
[Date "2021.08.08"]
[Round "10.4"]
[White "Muse, Mladen"]
[Black "Colpe, Malte"]
[Result "1/2-1/2"]
[WhiteElo "2387"]
[BlackElo "2378"]
[PlyCount "37"]
[EventDate "2019.10.19"]
[EventType "team-tourn"]
[EventRounds "9"]
[EventCountry "GER"]
[SourceTitle "EXT 2023"]
[Source "ChessBase"]
[SourceDate "2022.10.05"]
[SourceVersion "1"]
[SourceVersionDate "2022.10.05"]
[SourceQuality "1"]
[WhiteTeam "Koenig Tegel"]
[BlackTeam "Hamburger SK II"]
[WhiteTeamCountry "GER"]
[BlackTeamCountry "GER"]

1. Nf3 d5 2. g3 Nf6 3. Bg2 e6 4. 0-0 Be7 5. d4 0-0 6. b3 b6 7. c4 Bb7 8. Ne5 Nbd7 9. Nc3 c6 10. Bb2 Nxe5 11. dxe5 Nd7 12. cxd5 cxd5 13. Rc1 Rc8 14. Nb5 Rc5 15. a4 Rxc1 16. Qxc1 a6 17. Nd4 Qb8 18. f4 Rc8 19. Qe3 1/2-1/2

[Event "GER Cup Net Final-A U2400"]
[Site "Playchess.com INT"]
[Date "2020.06.06"]
[Round "6"]
[White "Muse, Mladen"]
[Black "Peng, Xiang Tobias"]
[Result "1-0"]
[WhiteElo "2409"]
[BlackElo "2047"]
[PlyCount "165"]
[EventDate "2020.06.06"]
[EventType "swiss (blitz)"]
[EventRounds "13"]
[EventCountry "GER"]
[SourceTitle "CBM 197 Extra"]
[Source "ChessBase"]
[SourceDate "2020.09.30"]
[SourceVersion "1"]
[SourceVersionDate "2020.09.30"]
[SourceQuality "1"]

1. Nf3 Nf6 2. g3 d5 3. Bg2 Bf5 4. 0-0 e6 5. c4 c6 6. d4 Be7 7. Nbd2 0-0 8. b3 Nbd7 9. Bb2 Ne4 10. Nxe4 Bxe4 11. e3 c5 12. cxd5 Bxd5 13. Qe2 cxd4 14. e4 Bc6 15. Nxd4 Rc8 16. Rfd1 Qc7 17. Nxc6 bxc6 18. Rac1 Bf6 19. Ba3 Rfd8 20. Bd6 Qa5 21. f4 Qb6+ 22. Kh1 g6 23. e5 Bg7 24. Be7 Nb8 25. Bxd8 Rxd8 26. Rxd8+ Qxd8 27. Bxc6 Nxc6 28. Qc4 Ne7 29. Qe4 Bf8 30. Rc2 Qd5 31. Qxd5 Nxd5 32. Rc8 Kg7 33. Kg2 Bb4 34. Kf3 Ba5 35. a3 Bb6 36. b4 f6 37. exf6+ Kxf6 38. Rf8+ Ke7 39. Rh8 h5 40. Ke4 Nf6+ 41. Kf3 Nd5 42. h3 Bd4 43. Rh7+ Kf6 44. Rb7 Bb6 45. g4 hxg4+ 46. hxg4 g5 47. fxg5+ Kxg5 48. Rg7+ Kf6 49. Rh7 Kg6 50. Rh8 Bd4 51. Ra8 Nf6 52. a4 e5 53. a5 e4+ 54. Kf4 Bg1 55. b5 Bh2+ 56. Ke3 Kf7 57. g5 Bg1+ 58. Kf4 e3 59. Kf3 Nd5 60. Rxa7+ Kg6 61. b6 Nc3 62. Re7 Nd5 63. Re5 Nb4 64. b7 e2 65. Rxe2 Ba7 66. Re6+ Kxg5 67. Re8 Na6 68. Re6 Nb8 69. Re7 Kf5 70. Re8 Kf6 71. Ke4 Kf7 72. Re5 Kf6 73. Re8 Kf7 74. Rh8 Ke7 75. Kd5 Kd7 76. Rh7+ Ke8 77. Kd6 Na6 78. Kc6 Nb8+ 79. Kc7 Na6+ 80. Kc8 Nb8 81. Rh6 Ke7 82. Kc7 Ke8 83. Rh8+ 1-0

[Event "GER Cup Net Final-A U2400"]
[Site "Playchess.com INT"]
[Date "2020.06.06"]
[Round "7"]
[White "Muse, Mladen"]
[Black "Thiede, Lars"]
[Result "1/2-1/2"]
[WhiteElo "2409"]
[BlackElo "2139"]
[PlyCount "80"]
[EventDate "2020.06.06"]
[EventType "swiss (blitz)"]
[EventRounds "13"]
[EventCountry "GER"]
[SourceTitle "CBM 197 Extra"]
[Source "ChessBase"]
[SourceDate "2020.09.30"]
[SourceVersion "1"]
[SourceVersionDate "2020.09.30"]
[SourceQuality "1"]

1. Nf3 Nf6 2. g3 g6 3. b3 Bg7 4. Bb2 0-0 5. Bg2 d6 6. d4 e5 7. dxe5 Nfd7 8. c4 Nc6 9. 0-0 dxe5 10. Nfd2 Re8 11. Nc3 Nc5 12. Bxc6 bxc6 13. Nde4 Ne6 14. f3 Qe7 15. Qc1 Bf8 16. Nf2 f5 17. Kg2 Qf7 18. Nd3 Bg7 19. Na4 Nd4 20. Rf2 e4 21. fxe4 Rxe4 22. e3 Ne6 23. Bxg7 Qxg7 24. Nc3 c5 25. Nxe4 Bb7 26. Nf4 Bxe4+ 27. Kg1 Ng5 28. Qe1 Nf3+ 29. Rxf3 Bxf3 30. Kf2 Be4 31. Rd1 Re8 32. Qd2 g5 33. Nd5 Rf8 34. Qc3 Qh6 35. Kg1 Qh5 36. Rf1 Qe2 37. Rf2 Qd1+ 38. Rf1 Qe2 39. Rf2 Qd1+ 40. Rf1 Qe2 1/2-1/2

[Event "GER Cup Net V4 U2400"]
[Site "Playchess.com INT"]
[Date "2020.05.31"]
[Round "6"]
[White "Muse, Mladen"]
[Black "Baskin, Robert"]
[Result "1-0"]
[WhiteElo "2392"]
[BlackElo "2197"]
[PlyCount "149"]
[EventDate "2020.05.31"]
[EventType "swiss (blitz)"]
[EventRounds "9"]
[EventCountry "GER"]
[SourceTitle "EXT 2021"]
[Source "ChessBase"]
[SourceDate "2020.10.23"]
[SourceVersion "1"]
[SourceVersionDate "2020.10.23"]
[SourceQuality "1"]

1. Nf3 Nf6 2. g3 b6 3. Bg2 Bb7 4. 0-0 c5 5. c4 e6 6. Nc3 Be7 7. Re1 d5 8. cxd5 Nxd5 9. d4 Nd7 10. Nxd5 Bxd5 11. e4 Bb7 12. d5 exd5 13. exd5 0-0 14. d6 Bf6 15. Qc2 Bxf3 16. Bxf3 Ne5 17. Bxa8 Qxa8 18. Re4 Re8 19. Kf1 Re6 20. Bf4 Nf3 21. Rxe6 Nxh2+ 22. Ke2 Qf3+ 23. Ke1 fxe6 24. Rd1 Kf7 25. Qe2 Qh1+ 26. Kd2 Qd5+ 27. Kc2 Qxa2 28. Bc1 Qa4+ 29. Kb1 Qg4 30. Qd3 Nf3 31. d7 Bd8 32. Qxh7 Qf5+ 33. Qxf5+ exf5 34. Bf4 Nd4 35. b4 Ke6 36. bxc5 bxc5 37. Be3 Nc6 38. Bxc5 Ne5 39. Rd6+ Kf7 40. Rd5 Ke6 41. Rd6+ Kf7 42. Rd1 Ke6 43. Bxa7 Nxd7 44. Be3 Bf6 45. Re1 Kf7 46. Kc2 g6 47. Kd3 Nf8 48. Ke2 Ne6 49. Rb1 Be5 50. Rb7+ Kf6 51. Rb6 Kf7 52. f4 Bf6 53. Kd3 g5 54. Kc4 gxf4 55. gxf4 Nf8 56. Kd5 Ng6 57. Rb7+ Be7 58. Ra7 Kf6 59. Bd4+ Kf7 60. Be5 Nf8 61. Bd6 Ng6 62. Bxe7 Nxe7+ 63. Ke5 Kf8 64. Ke6 Nc6 65. Rf7+ Ke8 66. Rc7 Nd4+ 67. Ke5 Nb5 68. Rb7 Nc3 69. Kxf5 Nd5 70. Ke5 Ne7 71. Ke6 Nc6 72. Rb6 Nd4+ 73. Kf6 Kd7 74. f5 Nf3 75. Rb1 1-0

[Event "GER Cup Net V4 U2400"]
[Site "Playchess.com INT"]
[Date "2020.05.31"]
[Round "3"]
[White "Muse, Mladen"]
[Black "Cofman, Veaceslav"]
[Result "1-0"]
[WhiteElo "2392"]
[BlackElo "2185"]
[PlyCount "97"]
[EventDate "2020.05.31"]
[EventType "swiss (blitz)"]
[EventRounds "9"]
[EventCountry "GER"]
[SourceTitle "EXT 2021"]
[Source "ChessBase"]
[SourceDate "2020.10.23"]
[SourceVersion "1"]
[SourceVersionDate "2020.10.23"]
[SourceQuality "1"]

1. Nf3 Nf6 2. g3 g6 3. b3 Bg7 4. Bb2 0-0 5. Bg2 d5 6. c4 c6 7. 0-0 Bf5 8. d3 Nbd7 9. Nbd2 Re8 10. cxd5 cxd5 11. Nd4 e5 12. Nxf5 gxf5 13. e4 fxe4 14. dxe4 Nc5 15. exd5 Nd3 16. Ba3 Nxd5 17. Nc4 e4 18. Qg4 f5 19. Qxf5 Bxa1 20. Bxe4 Rxe4 21. Qxe4 Nxf2 22. Rxf2 Bg7 23. Rd2 Qe8 24. Qxd5+ Kh8 25. Nd6 Qe3+ 26. Kg2 h6 27. Nf7+ Kh7 28. Qd3+ Qxd3 29. Rxd3 Kg6 30. Nd6 Rd8 31. Rd2 Bf8 32. Kf3 b5 33. Ke4 a5 34. Bc5 a4 35. Kd5 axb3 36. axb3 h5 37. b4 h4 38. gxh4 Kh5 39. Rd4 Be7 40. Kc6 Bxh4 41. Kxb5 Bf6 42. Rd5+ Kg4 43. Kc6 Kh3 44. b5 Kxh2 45. b6 Rb8 46. Kc7 Rg8 47. b7 Bd8+ 48. Kc6 Ba5 49. Nc8 1-0

[Event "GER Cup Net V3 U2400"]
[Site "Playchess.com INT"]
[Date "2020.05.27"]
[Round "9"]
[White "Heinig, Wolfram"]
[Black "Muse, Mladen"]
[Result "0-1"]
[WhiteElo "1942"]
[BlackElo "2382"]
[PlyCount "108"]
[EventDate "2020.05.27"]
[EventType "swiss (blitz)"]
[EventRounds "9"]
[EventCountry "GER"]
[SourceTitle "EXT 2021"]
[Source "ChessBase"]
[SourceDate "2020.10.23"]
[SourceVersion "1"]
[SourceVersionDate "2020.10.23"]
[SourceQuality "1"]

1. d4 Nf6 2. c4 e6 3. g3 d5 4. Bg2 Nbd7 5. Nf3 Be7 6. 0-0 0-0 7. Qc2 c6 8. b3 b6 9. Nbd2 Bb7 10. e4 Rc8 11. e5 Ne8 12. Bb2 c5 13. cxd5 Bxd5 14. Rac1 Rc7 15. Qd3 Qa8 16. Nh4 Bxh4 17. Bxd5 Qxd5 18. gxh4 Nxe5 19. Qg3 cxd4 20. Rxc7 Nxc7 21. f4 Nd7 22. f5 Ne8 23. Ba3 exf5 24. Bxf8 Nxf8 25. Nc4 h5 26. Qe5 Qxe5 27. Nxe5 Nd6 28. Nc6 g6 29. Nxd4 a5 30. Rc1 Ne4 31. Rc6 Nd7 32. Kg2 Kf8 33. Nf3 Ke7 34. Ng5 Nec5 35. Rc7 f6 36. Nf3 Ne6 37. Rc8 g5 38. Rh8 g4 39. Nd2 Ne5 40. Rb8 Nf4+ 41. Kg3 Nd5 42. Nc4 f4+ 43. Kg2 Ne3+ 44. Nxe3 fxe3 45. Rxb6 f5 46. Rb5 Ke6 47. Rxa5 f4 48. Ra8 f3+ 49. Kf1 e2+ 50. Kf2 Nd3+ 51. Ke3 e1Q+ 52. Kxd3 Qd1+ 53. Kc4 Qd5+ 54. Kc3 Qxa8 0-1

[Event "GER Cup Net V3 U2400"]
[Site "Playchess.com INT"]
[Date "2020.05.27"]
[Round "7"]
[White "Loew, Gerald"]
[Black "Muse, Mladen"]
[Result "1-0"]
[WhiteElo "1984"]
[BlackElo "2409"]
[PlyCount "53"]
[EventDate "2020.05.27"]
[EventType "swiss (blitz)"]
[EventRounds "9"]
[EventCountry "GER"]
[SourceTitle "EXT 2021"]
[Source "ChessBase"]
[SourceDate "2020.10.23"]
[SourceVersion "1"]
[SourceVersionDate "2020.10.23"]
[SourceQuality "1"]

1. c4 Nf6 2. Nc3 e6 3. e4 d5 4. cxd5 exd5 5. e5 Ne4 6. Nf3 Nc6 7. d3 Nxc3 8. bxc3 d4 9. Bb2 dxc3 10. Bxc3 Be6 11. d4 Be7 12. Bb5 Bd5 13. 0-0 a6 14. Ba4 0-0 15. Qd3 b5 16. Bb3 b4 17. Bb2 a5 18. Rac1 Bxf3 19. Qxf3 Nxd4 20. Bxd4 Qxd4 21. Rxc7 Qxe5 22. Rd7 Ra6 23. Rfd1 Rf6 24. Qg3 Qxg3 25. hxg3 Bc5 26. R1d2 Re8 27. Kf1 1-0

[Event "GER Cup Net V2 U2400"]
[Site "Playchess.com INT"]
[Date "2020.05.22"]
[Round "3"]
[White "Brunke, Christian"]
[Black "Muse, Mladen"]
[Result "0-1"]
[WhiteElo "2141"]
[BlackElo "2536"]
[PlyCount "86"]
[EventDate "2020.05.22"]
[EventType "swiss (blitz)"]
[EventRounds "9"]
[EventCountry "GER"]
[SourceTitle "EXT 2021"]
[Source "ChessBase"]
[SourceDate "2020.10.23"]
[SourceVersion "1"]
[SourceVersionDate "2020.10.23"]
[SourceQuality "1"]

1. e4 g6 2. d4 Bg7 3. Nc3 c6 4. f4 Qb6 5. Nf3 Nh6 6. Be2 d5 7. e5 Bg4 8. 0-0 Nf5 9. Na4 Qc7 10. c3 e6 11. Nc5 b6 12. Nd3 Nd7 13. h3 Bxf3 14. Bxf3 h5 15. Bd2 c5 16. Rc1 c4 17. Nf2 b5 18. Nh1 a5 19. Kh2 Qb6 20. Ng3 Nxg3 21. Kxg3 h4+ 22. Kh2 Bf8 23. a3 Be7 24. a4 b4 25. Rb1 Rb8 26. b3 bxc3 27. Bxc3 cxb3 28. Be2 0-0 29. Bb5 Qc7 30. Qd2 Rxb5 31. axb5 a4 32. Ba5 Qb7 33. Rfc1 Qxb5 34. Rc7 Ra8 35. Bc3 a3 36. Ra1 Bd8 37. Rxd7 Qxd7 38. Qd1 Qb5 39. Qb1 b2 40. Ra2 Qb3 41. Bxb2 Rb8 42. Rxa3 Qxa3 43. Bxa3 Rxb1 0-1

[Event "GER Cup Net V2 U2400"]
[Site "Playchess.com INT"]
[Date "2020.05.22"]
[Round "7"]
[White "Muse, Mladen"]
[Black "Arnold, Max"]
[Result "1/2-1/2"]
[WhiteElo "2536"]
[BlackElo "2233"]
[PlyCount "126"]
[EventDate "2020.05.22"]
[EventType "swiss (blitz)"]
[EventRounds "9"]
[EventCountry "GER"]
[SourceTitle "EXT 2021"]
[Source "ChessBase"]
[SourceDate "2020.10.23"]
[SourceVersion "1"]
[SourceVersionDate "2020.10.23"]
[SourceQuality "1"]

1. Nf3 d5 2. g3 c6 3. Bg2 Bg4 4. 0-0 Nf6 5. d4 Nbd7 6. Nbd2 e6 7. Re1 Be7 8. e4 0-0 9. c3 h6 10. e5 Nh7 11. h3 Bf5 12. Nf1 Ng5 13. Nxg5 Bxg5 14. f4 Be7 15. g4 Bh7 16. Qf3 c5 17. Be3 Qb6 18. Qf2 Rac8 19. f5 cxd4 20. Bxd4 Bc5 21. Re2 Bxd4 22. cxd4 Rc4 23. Rd1 Rfc8 24. h4 Rc1 25. Rxc1 Rxc1 26. Kh2 Rc4 27. Rd2 Nb8 28. b3 Rc3 29. Qf4 Nc6 30. fxe6 fxe6 31. Rf2 Bd3 32. Qf7+ Kh7 33. Qxe6 Qxd4 34. Rf8 Qxe5+ 35. Qxe5 Nxe5 36. g5 hxg5 37. hxg5 Kg6 38. Ne3 d4 39. Nd5 Rc2 40. Nf4+ Kxg5 41. Kg3 Bf5 42. Bh3 Rc3+ 43. Kg2 Bxh3+ 44. Nxh3+ Kg6 45. Nf4+ Kh6 46. Rh8+ Kg5 47. Ne6+ Kf6 48. Nxd4 Rd3 49. Nb5 Rd2+ 50. Kg3 Rxa2 51. Rf8+ Ke7 52. Rb8 b6 53. Rb7+ Kf6 54. Nxa7 Ra3 55. Rxb6+ Kf5 56. Nc8 g5 57. Ne7+ Ke4 58. Rb4+ Ke3 59. Rb5 Nd3 60. Kg4 Nc1 61. Nf5+ Kd2 62. Rd5+ Kc3 63. Kxg5 Nxb3 1/2-1/2

[Event "GER Cup Net V2 U2400"]
[Site "Playchess.com INT"]
[Date "2020.05.22"]
[Round "4"]
[White "Muse, Mladen"]
[Black "Eilenberg, Jonas"]
[Result "1-0"]
[WhiteElo "2536"]
[BlackElo "2213"]
[PlyCount "85"]
[EventDate "2020.05.22"]
[EventType "swiss (blitz)"]
[EventRounds "9"]
[EventCountry "GER"]
[SourceTitle "EXT 2021"]
[Source "ChessBase"]
[SourceDate "2020.10.23"]
[SourceVersion "1"]
[SourceVersionDate "2020.10.23"]
[SourceQuality "1"]

1. Nf3 d5 2. g3 Bg4 3. Bg2 Nd7 4. 0-0 Ngf6 5. d4 e6 6. Nbd2 Bd6 7. Re1 0-0 8. e4 dxe4 9. Nxe4 Nxe4 10. Rxe4 Nf6 11. Re1 c5 12. h3 Bh5 13. g4 Bg6 14. c4 Rc8 15. Ne5 Qc7 16. Nxg6 hxg6 17. d5 Rfd8 18. g5 Nh5 19. Qg4 exd5 20. Bxd5 Bf4 21. Re4 Bd6 22. Bd2 b5 23. b3 b4 24. Rae1 Kf8 25. R1e3 Re8 26. Rf3 Rxe4 27. Qxe4 Re8 28. Qxg6 Nf4 29. Bxf4 Bxf4 30. Qh5 Kg8 31. g6 Re1+ 32. Kg2 Bh6 33. gxf7+ Kf8 34. Qg4 Rd1 35. Rg3 Rc1 36. Qg6 Qf4 37. Qe4 Qxe4+ 38. Bxe4 Re1 39. Bd5 Re2 40. Kf3 Rxa2 41. Rg4 Rb2 42. Re4 Rxb3+ 43. Kg2 1-0

[Event "GER Cup Net V2 U2400"]
[Site "Playchess.com INT"]
[Date "2020.05.22"]
[Round "6"]
[White "Plischki, Sebastian"]
[Black "Muse, Mladen"]
[Result "0-1"]
[WhiteElo "2096"]
[BlackElo "2536"]
[PlyCount "94"]
[EventDate "2020.05.22"]
[EventType "swiss (blitz)"]
[EventRounds "9"]
[EventCountry "GER"]
[SourceTitle "EXT 2021"]
[Source "ChessBase"]
[SourceDate "2020.10.23"]
[SourceVersion "1"]
[SourceVersionDate "2020.10.23"]
[SourceQuality "1"]

1. d4 g6 2. e4 Bg7 3. Nf3 c6 4. Bd3 d5 5. e5 Bg4 6. Nbd2 e6 7. h3 Bxf3 8. Nxf3 h6 9. h4 Ne7 10. c3 Nd7 11. Be3 c5 12. Qd2 Nc6 13. a3 Rc8 14. 0-0 Na5 15. Rad1 cxd4 16. Bxd4 Nc6 17. Rfe1 0-0 18. h5 g5 19. Bb1 Re8 20. Qe2 a6 21. Qd3 Nf8 22. Nh2 Nxd4 23. cxd4 Qb6 24. b4 Rc4 25. Ng4 Rec8 26. Qe3 Rc3 27. Rd3 Qc7 28. Red1 Rxd3 29. Bxd3 Qc3 30. f4 gxf4 31. Qxf4 Qb3 32. Be2 Rc2 33. Rd3 Qb1+ 34. Bf1 Qc1 35. Re3 Qd2 36. Kh2 Rc3 37. Rf3 Qxf4+ 38. Rxf4 Rxa3 39. b5 a5 40. Rf2 Rc3 41. b6 a4 42. Ra2 a3 43. Be2 Nd7 44. Kg1 Nxb6 45. Kf2 Nc4 46. Ke1 b5 47. Kd1 b4 0-1

[Event "GER-ch Net blitz qual5"]
[Site "Playchess.com INT"]
[Date "2020.03.28"]
[Round "4"]
[White "Bethke, Richard"]
[Black "Muse, Mladen"]
[Result "1-0"]
[WhiteElo "2332"]
[BlackElo "2389"]
[PlyCount "93"]
[EventDate "2020.03.28"]
[EventType "swiss (blitz)"]
[EventRounds "13"]
[EventCountry "GER"]
[SourceTitle "CBM 195 Extra"]
[Source "ChessBase"]
[SourceDate "2020.05.31"]
[SourceVersion "1"]
[SourceVersionDate "2020.05.31"]
[SourceQuality "1"]

1. e4 g6 2. d4 Bg7 3. Nf3 c6 4. Nc3 d5 5. h3 dxe4 6. Nxe4 Nf6 7. Bd3 Nbd7 8. 0-0 0-0 9. c3 Nxe4 10. Bxe4 c5 11. Bc2 cxd4 12. Nxd4 a6 13. Be3 Qc7 14. a4 b6 15. Be4 Bb7 16. Bxb7 Qxb7 17. Qd2 Rfd8 18. Bg5 Nc5 19. Qe3 Rd7 20. Nf3 e6 21. Rad1 Rxd1 22. Rxd1 Nxa4 23. Ne5 f6 24. Rd7 Qc8 25. Bxf6 Bxf6 26. Qh6 Qxd7 27. Nxd7 Bg7 28. Qf4 Nc5 29. Nxc5 bxc5 30. Qe4 Re8 31. Qc6 Kf7 32. Qxc5 Bf8 33. Qa7+ Be7 34. Qxa6 Rd8 35. g3 Rd1+ 36. Kg2 Rd2 37. b4 h5 38. Qb7 Rc2 39. Qf3+ Kg7 40. b5 Bc5 41. Qb7+ Kf6 42. Qf3+ Kg7 43. b6 Rb2 44. b7 Ba7 45. c4 Kg8 46. c5 Bxc5 47. Qc6 1-0

[Event "GER-ch Net blitz qual4"]
[Site "Playchess.com INT"]
[Date "2020.03.23"]
[Round "4"]
[White "Baltic, Fatih"]
[Black "Muse, Mladen"]
[Result "0-1"]
[WhiteElo "2262"]
[BlackElo "2389"]
[PlyCount "68"]
[EventDate "2020.03.23"]
[EventType "swiss (blitz)"]
[EventRounds "9"]
[EventCountry "GER"]
[SourceTitle "CBM 195 Extra"]
[Source "ChessBase"]
[SourceDate "2020.05.31"]
[SourceVersion "1"]
[SourceVersionDate "2020.05.31"]
[SourceQuality "1"]

1. Nf3 Nf6 2. g3 b6 3. Bg2 Bb7 4. 0-0 e6 5. c4 Be7 6. Nc3 0-0 7. b3 d5 8. d3 d4 9. Nb1 c5 10. Nbd2 Nc6 11. a3 a5 12. Rb1 Qc7 13. Ne1 Ne5 14. Nc2 Bxg2 15. Kxg2 h5 16. h4 Qc6+ 17. Kg1 Nfg4 18. b4 axb4 19. axb4 f5 20. f4 Nf7 21. Nf3 e5 22. fxe5 Nfxe5 23. Bf4 Bd6 24. Qd2 Ra2 25. Nxe5 Nxe5 26. Ra1 Rxa1 27. Rxa1 Ng4 28. Ra7 Re8 29. b5 Bxf4 30. Qxf4 Qg6 31. Kf1 Qe6 32. e4 dxe3 33. Qg5 Qe5 34. Qxg4 hxg4 0-1

[Event "GER-ch Net blitz qual4"]
[Site "Playchess.com INT"]
[Date "2020.03.23"]
[Round "9"]
[White "Muse, Mladen"]
[Black "Arnold, Max"]
[Result "1-0"]
[WhiteElo "2389"]
[BlackElo "2283"]
[PlyCount "71"]
[EventDate "2020.03.23"]
[EventType "swiss (blitz)"]
[EventRounds "9"]
[EventCountry "GER"]
[SourceTitle "CBM 195 Extra"]
[Source "ChessBase"]
[SourceDate "2020.05.31"]
[SourceVersion "1"]
[SourceVersionDate "2020.05.31"]
[SourceQuality "1"]

1. Nf3 d5 2. g3 c6 3. Bg2 Bg4 4. d4 Nd7 5. 0-0 e6 6. Nbd2 Ngf6 7. Re1 Be7 8. e4 0-0 9. h3 Bh5 10. c3 h6 11. Qb3 Qb6 12. exd5 cxd5 13. Ne5 Qxb3 14. axb3 Nxe5 15. dxe5 Nd7 16. c4 Nb6 17. cxd5 Nxd5 18. Nc4 Bg6 19. Bd2 Rfc8 20. Rec1 Bc5 21. Nd6 Bxd6 22. exd6 Rd8 23. Bxd5 exd5 24. Bf4 Be4 25. g4 d4 26. Rc4 Bd5 27. Rxd4 Bxb3 28. d7 Be6 29. Rad1 Kf8 30. Bd6+ Kg8 31. Be7 a5 32. f4 f6 33. f5 Bf7 34. Rc1 b5 35. Bxd8 Rxd8 36. Rc8 1-0

[Event "GER-ch Net blitz qual3"]
[Site "Playchess.com INT"]
[Date "2020.03.21"]
[Round "2"]
[White "Colbow, Collin"]
[Black "Muse, Mladen"]
[Result "0-1"]
[WhiteElo "2222"]
[BlackElo "2389"]
[PlyCount "86"]
[EventDate "2020.03.21"]
[EventType "swiss (blitz)"]
[EventRounds "9"]
[EventCountry "GER"]
[SourceTitle "CBM 195 Extra"]
[Source "ChessBase"]
[SourceDate "2020.05.31"]
[SourceVersion "1"]
[SourceVersionDate "2020.05.31"]
[SourceQuality "1"]

1. e4 g6 2. d4 Bg7 3. Nc3 c6 4. f4 Qb6 5. Nf3 Nh6 6. Bc4 d5 7. exd5 0-0 8. 0-0 Nf5 9. Ne2 cxd5 10. Bb3 Nc6 11. c3 e6 12. g4 Nd6 13. Ng3 a5 14. Bc2 f5 15. gxf5 exf5 16. Kg2 Ne4 17. Ne5 Be6 18. h4 Nxe5 19. fxe5 h5 20. Rb1 Qd8 21. Rh1 b5 22. Bf4 b4 23. Nxe4 fxe4 24. Qd2 Rc8 25. Rbf1 bxc3 26. bxc3 Qc7 27. Bb3 Qxc3 28. Qxc3 Rxc3 29. Bd2 Rxf1 30. Bxc3 Rf3 31. Bxa5 Bh6 32. Bd8 Be3 33. Bb6 Rf2+ 34. Kg3 Rd2 35. Rf1 Bxd4 36. Bxd4 Rxd4 37. Rf6 Rd3+ 38. Kf4 Rf3+ 39. Kg5 Rxf6 40. Kxf6 e3 41. Bd1 Bg4 42. e6 Bxd1 43. e7 Ba4 0-1

[Event "GER-ch Net blitz qual3"]
[Site "Playchess.com INT"]
[Date "2020.03.21"]
[Round "6"]
[White "Muse, Mladen"]
[Black "Hansch, Stephan"]
[Result "1-0"]
[WhiteElo "2389"]
[BlackElo "2149"]
[PlyCount "37"]
[EventDate "2020.03.21"]
[EventType "swiss (blitz)"]
[EventRounds "9"]
[EventCountry "GER"]
[SourceTitle "CBM 195 Extra"]
[Source "ChessBase"]
[SourceDate "2020.05.31"]
[SourceVersion "1"]
[SourceVersionDate "2020.05.31"]
[SourceQuality "1"]

1. Nf3 Nf6 2. g3 d5 3. Bg2 Bg4 4. 0-0 Bxf3 5. Bxf3 c6 6. d3 e5 7. Bg2 Nbd7 8. c4 Bd6 9. cxd5 cxd5 10. Nc3 Nb6 11. Bg5 Be7 12. Bxf6 Bxf6 13. Qb3 d4 14. Nd5 Rb8 15. Nxf6+ Qxf6 16. Qa3 Qe7 17. Qxa7 Qc7 18. Rfc1 Qd8 19. Bxb7 1-0

[Event "GER-ch Net blitz qual3"]
[Site "Playchess.com INT"]
[Date "2020.03.21"]
[Round "9"]
[White "Muse, Mladen"]
[Black "Orlov, Andrey"]
[Result "1-0"]
[WhiteElo "2389"]
[BlackElo "2511"]
[PlyCount "83"]
[EventDate "2020.03.21"]
[EventType "swiss (blitz)"]
[EventRounds "9"]
[EventCountry "GER"]
[SourceTitle "CBM 195 Extra"]
[Source "ChessBase"]
[SourceDate "2020.05.31"]
[SourceVersion "1"]
[SourceVersionDate "2020.05.31"]
[SourceQuality "1"]

1. Nf3 g6 2. d4 Bg7 3. e4 d6 4. Bc4 e6 5. Bb3 Ne7 6. 0-0 Nd7 7. c3 b6 8. Re1 a6 9. Nbd2 Bb7 10. Nf1 h6 11. Ng3 0-0 12. h4 c5 13. Bf4 cxd4 14. cxd4 Nf6 15. Qd2 Kh7 16. Rac1 d5 17. Bc7 Qe8 18. e5 Ne4 19. Qb4 b5 20. a4 Nc6 21. Qa3 b4 22. Qa1 Qd7 23. Bb6 a5 24. Nxe4 dxe4 25. Rxe4 Rac8 26. Bc5 Rfd8 27. Rf4 Qe8 28. Qb1 Ne7 29. h5 Nf5 30. hxg6+ fxg6 31. Nh4 Kh8 32. Rg4 Nxh4 33. Rxh4 g5 34. Rh3 Bd5 35. Bc2 Qf7 36. Be4 Qf4 37. Bxd5 Rxd5 38. Rf3 Qg4 39. Qg6 Rd7 40. Re1 Rxc5 41. dxc5 Rc7 42. Re4 1-0

[Event "GER-ch Net blitz qual3"]
[Site "Playchess.com INT"]
[Date "2020.03.21"]
[Round "5"]
[White "Serrer, Christoph"]
[Black "Muse, Mladen"]
[Result "1-0"]
[WhiteElo "2281"]
[BlackElo "2389"]
[PlyCount "169"]
[EventDate "2020.03.21"]
[EventType "swiss (blitz)"]
[EventRounds "9"]
[EventCountry "GER"]
[SourceTitle "CBM 195 Extra"]
[Source "ChessBase"]
[SourceDate "2020.05.31"]
[SourceVersion "1"]
[SourceVersionDate "2020.05.31"]
[SourceQuality "1"]

1. d4 Nf6 2. Nf3 d6 3. g3 g6 4. Bg2 Bg7 5. 0-0 0-0 6. c4 Nbd7 7. Nc3 e5 8. b3 Re8 9. e3 c6 10. Qc2 a6 11. Ba3 e4 12. Nd2 d5 13. cxd5 cxd5 14. Na4 b5 15. Nc5 a5 16. Nxd7 Bxd7 17. Rac1 b4 18. Bb2 Bb5 19. Rfe1 Bf8 20. Bf1 Bxf1 21. Nxf1 Bd6 22. Qc6 h5 23. Qb5 h4 24. Rc6 Qd7 25. Rb6 Qxb5 26. Rxb5 Rec8 27. Rc1 Rxc1 28. Bxc1 Rc8 29. Bd2 Ra8 30. Kg2 hxg3 31. Nxg3 Kf8 32. Rb7 Bxg3 33. hxg3 Rc8 34. a3 Rc2 35. Be1 bxa3 36. Ra7 Ng4 37. Rxa5 Nxe3+ 38. Kg1 Nf5 39. Bb4+ Kg7 40. Bxa3 Nxd4 41. Rxd5 Nf3+ 42. Kg2 f5 43. Rd1 g5 44. Bd6 Kf6 45. b4 Rb2 46. Bc5 Ke5 47. Bd6+ Ke6 48. Bc5 f4 49. gxf4 gxf4 50. Kh3 Ne5 51. Rd6+ Kf5 52. Rd5 Rb3+ 53. Kg2 Ke6 54. Rd6+ Kf5 55. Rd5 Rd3 56. Bd4 Kg4 57. Rxe5 Rxd4 58. b5 f3+ 59. Kh2 Kf4 60. Re8 Rd2 61. Rf8+ Kg5 62. Rg8+ Kf6 63. Kg3 Rb2 64. Rb8 Ke5 65. b6 Kd6 66. b7 Kc7 67. Re8 Kxb7 68. Rxe4 Kc6 69. Kxf3 Kd5 70. Re8 Kd6 71. Kg3 Kd7 72. Re4 Rb1 73. Kg4 Rg1+ 74. Kf5 Rf1 75. f4 Rf2 76. Kf6 Rf1 77. f5 Rf2 78. Kg6 Rg2+ 79. Kf7 Rf2 80. f6 Rf1 81. Rd4+ Kc6 82. Ke7 Re1+ 83. Kf8 Re2 84. f7 Kc7 85. Rg4 1-0